Bài tập vật lý lý thuyết T.2 T.2

Saved in:
Bibliographic Details
Format: Book
Language:Vietnamese
Published: Đại học Quốc gia Hà Nội 2001
Tags: Add Tag
No Tags, Be the first to tag this record!
Institutions: Mạng thư viện Đại học Đà Nẵng
LEADER 00677nam a2200241 4500
001 000022824
003 19273
005 20150515100539.0
008 150515s2001 viesd
020 |c 29200 
041 0 |a vie 
082 1 4 |a 530,1  |b Ba-T 
245 1 0 |a Bài tập vật lý lý thuyết T.2  |b T.2  |c Nguyễn Hữu Minh, Tạ Duy Lợi, Đỗ Đình Thanh, Lê Trọng Tường 
260 |b Đại học Quốc gia Hà Nội  |c 2001 
300 |a tr.  |c cm. 
OWN |a LSP 
999 |a From the UDN01 
TYP |a Monograph 
TYP |a Printed language 
980 |a Mạng thư viện Đại học Đà Nẵng